| 000 | 00351nam a22001217a 4500 | ||
|---|---|---|---|
| 020 | _a9789384337179 | ||
| 082 |
_a631.1 _bUJJ/QU |
||
| 100 |
_aUjjwal. P.S _aSweta Singh _aSingh .B.R _91028 |
||
| 245 | _aQuestion Bank on Agricultural Process Engineering. (First Edition) | ||
| 260 |
_aDelhi _bNarendra Publishing House _c2014 |
||
| 300 | _a357 | ||
| 942 | _cBK | ||
| 999 |
_c14226 _d14226 |
||